[Event "Steinfurt Bezirksliga 1314"]
[Site "Germany"]
[Date "2014.03.22"]
[Round "7.1"]
[White "Schudro, Vassilij"]
[Black "Roewekamp, Helmut"]
[Result "1-0"]
[WhiteElo "2095"]
[BlackElo "1667"]
[PlyCount "103"]
[EventDate "2013.09.14"]
[EventType "team-tourn"]
[EventRounds "9"]
[EventCountry "GER"]
[SourceTitle "EXT 2015"]
[Source "ChessBase"]
[SourceDate "2014.11.20"]
[SourceVersion "1"]
[SourceVersionDate "2014.11.20"]
[SourceQuality "1"]
[WhiteTeam "Emsdetten Turm III"]
[BlackTeam "Reckenfeld"]
[WhiteTeamCountry "GER"]
[BlackTeamCountry "GER"]

1. e4 e5 2. Nf3 Nc6 3. Nc3 Nf6 4. Bb5 d6 5. d4 exd4 6. Qxd4 Bd7 7. Bxc6 Bxc6 8. Bg5 Be7 9. 0-0-0 0-0 10. h4 Nd7 11. Nd5 Bxd5 12. Bxe7 Qxe7 13. exd5 Qf6 14. Qg4 Ne5 15. Nxe5 Qxe5 16. f4 Qf6 17. Qg5 Rfe8 18. Qxf6 gxf6 19. Rde1 h5 20. Kd2 f5 21. b3 Re4 22. Rxe4 fxe4 23. f5 Kg7 24. Ke3 Re8 25. Rf1 Kf6 26. Rf4 Re5 27. c4 a5 28. a3 b6 29. a4 Re8 30. g4 hxg4 31. Rxg4 Kxf5 32. Rf4+ Kg6 33. Rxe4 Re5 34. Kf4 f6 35. Rd4 Kh5 36. Rd1 Re2 37. Kf5 Re3 38. Rb1 Kxh4 39. Kxf6 Kg4 40. Rg1+ Kf4 41. Rg7 Rxb3 42. Rxc7 Rb4 43. Ke6 Rxa4 44. Kxd6 Ke4 45. Ke6 Ra1 46. d6 Rh1 47. Rf7 Kd4 48. d7 Re1+ 49. Kf6 Rf1+ 50. Kg7 Rg1+ 51. Kf8 Rh1 52. Ke8 1-0

[Event "Steinfurt Bezirksliga 1314"]
[Site "Germany"]
[Date "2014.01.25"]
[Round "5.1"]
[White "Schudro, Vassilij"]
[Black "Hedwig, Johannes"]
[Result "1-0"]
[WhiteElo "2095"]
[BlackElo "1793"]
[PlyCount "59"]
[EventDate "2013.09.14"]
[EventType "team-tourn"]
[EventRounds "9"]
[EventCountry "GER"]
[SourceTitle "EXT 2015"]
[Source "ChessBase"]
[SourceDate "2014.11.20"]
[SourceVersion "1"]
[SourceVersionDate "2014.11.20"]
[SourceQuality "1"]
[WhiteTeam "Emsdetten Turm III"]
[BlackTeam "Emsdetten Rochade II"]
[WhiteTeamCountry "GER"]
[BlackTeamCountry "GER"]

1. e4 d5 2. exd5 Qxd5 3. Nc3 Qa5 4. d4 Nf6 5. Be2 c6 6. Nf3 Bf5 7. 0-0 e6 8. Bf4 Nbd7 9. Nd2 Qd8 10. g4 Bg6 11. Bf3 Nb6 12. Nde4 Nbd5 13. Bg3 Nxc3 14. Nxf6+ gxf6 15. bxc3 Bd6 16. Rb1 Bxg3 17. fxg3 Qc7 18. Bg2 f5 19. g5 h6 20. gxh6 Rxh6 21. Qd2 Rh7 22. Qg5 Kd7 23. c4 Rah8 24. h4 Rg8 25. d5 Rhg7 26. d6 Qd8 27. Rxb7+ Kc8 28. Rc7+ Kb8 29. Rb1+ Ka8 30. Bxc6# 1-0

[Event "Oberliga NRW 1314"]
[Site "Germany"]
[Date "2013.11.17"]
[Round "3.8"]
[White "Rehfeldt, Frank"]
[Black "Schudro, Vassilij"]
[Result "1/2-1/2"]
[WhiteElo "2094"]
[BlackElo "2108"]
[PlyCount "100"]
[EventDate "2013.09.15"]
[EventType "team-tourn"]
[EventRounds "9"]
[EventCountry "GER"]
[SourceTitle "EXT 2015"]
[Source "ChessBase"]
[SourceDate "2014.11.20"]
[SourceVersion "1"]
[SourceVersionDate "2014.11.20"]
[SourceQuality "1"]
[WhiteTeam "Muenster"]
[BlackTeam "Emsdetten Turm II"]
[WhiteTeamCountry "GER"]
[BlackTeamCountry "GER"]

1. e4 c5 2. Nf3 Nc6 3. d4 cxd4 4. Nxd4 g6 5. c4 Bg7 6. Be3 Nf6 7. Nc3 Ng4 8. Qxg4 Nxd4 9. Qd1 Ne6 10. Qd2 Qa5 11. Rc1 b6 12. Bd3 Bb7 13. 0-0 Rc8 14. Rfd1 0-0 15. Nd5 Qxd2 16. Nxe7+ Kh8 17. Rxd2 Rce8 18. Nd5 Nc5 19. Bxc5 bxc5 20. Rb1 a5 21. a3 a4 22. Bc2 Bc6 23. Nb6 f5 24. Nxd7 Bxd7 25. Rxd7 fxe4 26. Bxa4 Re6 27. Rd2 Bd4 28. Re2 Ref6 29. Rf1 e3 30. f3 Kg7 31. Bc2 Bxb2 32. Bxg6 Bd4 33. Be4 Ra6 34. f4 Rxa3 35. g4 Ra2 36. Bd3 Rd2 37. Rxd2 exd2+ 38. Kg2 Rxf4 39. Rd1 Be3 40. Kg3 h6 41. Be2 Kf6 42. h4 Ke5 43. h5 Rf6 44. Ra1 Kd4 45. Ra8 Bf4+ 46. Kg2 Bg5 47. Ra3 Be3 48. Kg3 Rf2 49. Rd3+ Ke4 50. Rxd2 Bxd2 1/2-1/2

[Event "Steinfurt Bezirksliga 1314"]
[Site "Germany"]
[Date "2013.11.09"]
[Round "3.1"]
[White "Schudro, Vassilij"]
[Black "Guennigmann, Stefan"]
[Result "1-0"]
[WhiteElo "2095"]
[BlackElo "1781"]
[PlyCount "43"]
[EventDate "2013.09.14"]
[EventType "team-tourn"]
[EventRounds "9"]
[EventCountry "GER"]
[SourceTitle "EXT 2015"]
[Source "ChessBase"]
[SourceDate "2014.11.20"]
[SourceVersion "1"]
[SourceVersionDate "2014.11.20"]
[SourceQuality "1"]
[WhiteTeam "Emsdetten Turm III"]
[BlackTeam "Saerbeck II"]
[WhiteTeamCountry "GER"]
[BlackTeamCountry "GER"]

1. e4 c5 2. Nf3 Nc6 3. d4 cxd4 4. Nxd4 Nf6 5. Nc3 g6 6. g3 Bg7 7. Nde2 0-0 8. Bg2 d6 9. 0-0 Bd7 10. h3 Rc8 11. Nd5 Nxd5 12. exd5 Ne5 13. a4 Qc7 14. c3 Bf5 15. Nd4 Bd3 16. Re1 Ba6 17. Nb5 Qd7 18. f4 Nc4 19. Nd4 Nb6 20. a5 Na8 21. Be3 Nc7 22. Ne2 1-0

[Event "BL2-West 1213"]
[Site "Germany"]
[Date "2013.02.24"]
[Round "7.6"]
[White "Wegener, Olaf"]
[Black "Schudro, Vassilij"]
[Result "1-0"]
[WhiteElo "2423"]
[BlackElo "2188"]
[PlyCount "103"]
[EventDate "2012.10.14"]
[EventType "team-tourn"]
[EventRounds "9"]
[EventCountry "GER"]
[SourceTitle "CBM 154 Extra"]
[Source "ChessBase"]
[SourceDate "2013.06.25"]
[SourceVersion "2"]
[SourceVersionDate "2013.06.25"]
[SourceQuality "1"]
[WhiteTeam "Dortmund Hansa"]
[BlackTeam "Emsdetten Turm II"]
[WhiteTeamCountry "GER"]
[BlackTeamCountry "GER"]

1. e4 c5 2. Nf3 Nc6 3. d4 cxd4 4. Nxd4 g6 5. c4 Bg7 6. Be3 Nf6 7. Nc3 Ng4 8. Qxg4 Nxd4 9. Qd1 Ne6 10. Rc1 Qa5 11. Qd2 b6 12. Qd5 Rb8 13. Qxa5 bxa5 14. b3 Bd4 15. Bd2 Bb7 16. Bd3 Nc5 17. Bc2 Bc6 18. f3 Ne6 19. Ne2 Bb6 20. Bc3 f6 21. Rd1 Kf7 22. Nd4 Nxd4 23. Bxd4 d6 24. Ke2 Rhc8 25. Be3 Bxe3 26. Kxe3 Ba8 27. Rb1 Rc5 28. Bd3 Rc7 29. Rb2 Bc6 30. a3 Bd7 31. b4 Be6 32. Kd4 Ke8 33. f4 Bf7 34. f5 Kd7 35. g4 e5+ 36. fxe6+ Bxe6 37. h3 Ke7 38. Rhb1 Rcb7 39. Kc3 axb4+ 40. axb4 Rc7 41. Kd4 Rbc8 42. Rc2 Rh8 43. Ra1 h5 44. Rca2 hxg4 45. Rxa7 Kd7 46. hxg4 Rh4 47. b5 Rxa7 48. Rxa7+ Kc8 49. c5 dxc5+ 50. Kxc5 Rxg4 51. Kc6 Kd8 52. b6 1-0

[Event "BL2-West 1213"]
[Site "Germany"]
[Date "2013.02.03"]
[Round "6.7"]
[White "Kniest, Oliver"]
[Black "Schudro, Vassilij"]
[Result "1-0"]
[WhiteElo "2289"]
[BlackElo "2188"]
[PlyCount "157"]
[EventDate "2012.10.14"]
[EventType "team-tourn"]
[EventRounds "9"]
[EventCountry "GER"]
[SourceTitle "CBM 154 Extra"]
[Source "ChessBase"]
[SourceDate "2013.06.25"]
[SourceVersion "2"]
[SourceVersionDate "2013.06.25"]
[SourceQuality "1"]
[WhiteTeam "Solingen SG II"]
[BlackTeam "Emsdetten Turm II"]
[WhiteTeamCountry "GER"]
[BlackTeamCountry "GER"]

1. d4 Nf6 2. c4 e6 3. Nc3 d5 4. cxd5 exd5 5. Bg5 c6 6. Qc2 Be7 7. e3 Nbd7 8. Bd3 Nf8 9. Nge2 Ne6 10. Bh4 g6 11. 0-0 Ng7 12. f3 Bf5 13. e4 dxe4 14. fxe4 Bg4 15. Rad1 0-0 16. Qc1 Bxe2 17. Bxe2 Nxe4 18. Nxe4 Bxh4 19. Bc4 Nf5 20. Qf4 Be7 21. Rd3 Kg7 22. g4 Nd6 23. Rh3 g5 24. Qe5+ f6 25. Qe6 Nxc4 26. Qxc4 Qd5 27. Qd3 f5 28. Ng3 Rad8 29. Nxf5+ Rxf5 30. Rxf5 Qxd4+ 31. Qxd4+ Rxd4 32. Rhf3 Rxg4+ 33. Kf2 Kg6 34. Re5 Bd8 35. Re6+ Kg7 36. Rd3 Bb6+ 37. Kf3 Rf4+ 38. Kg3 Rf7 39. Kg4 Bc7 40. Kxg5 Bxh2 41. Rd8 Bf4+ 42. Kg4 Bc7 43. Rde8 a5 44. b3 c5 45. R6e7 Bd6 46. Rxf7+ Kxf7 47. Ra8 Ke6 48. Rxa5 Kd5 49. Kf5 h6 50. a4 Kc6 51. Ra8 b6 52. Ke4 Be7 53. Rg8 Bg5 54. Rg6+ Kb7 55. Kd5 Bd2 56. Rg7+ Ka6 57. Kc6 Ka5 58. Rb7 c4 59. bxc4 Be3 60. Ra7+ Kb4 61. Kd5 Bf2 62. a5 bxa5 63. Rb7+ Kc3 64. c5 a4 65. c6 Bg3 66. Rf7 Bb8 67. Rf3+ Kb4 68. Rf1 Bc7 69. Rb1+ Kc3 70. Rb7 Bg3 71. c7 Bxc7 72. Rxc7+ Kb2 73. Kd4 a3 74. Kd3 a2 75. Rb7+ Ka3 76. Kc2 a1N+ 77. Kc3 Ka2 78. Rb2+ Ka3 79. Rb6 1-0

[Event "BL2-West 1213"]
[Site "Germany"]
[Date "2012.12.09"]
[Round "4.7"]
[White "Rotstein, Arkadij"]
[Black "Schudro, Vassilij"]
[Result "1-0"]
[WhiteElo "2510"]
[BlackElo "2188"]
[PlyCount "83"]
[EventDate "2012.10.14"]
[EventType "team-tourn"]
[EventRounds "9"]
[EventCountry "GER"]
[SourceTitle "CBM 154 Extra"]
[Source "ChessBase"]
[SourceDate "2013.06.25"]
[SourceVersion "2"]
[SourceVersionDate "2013.06.25"]
[SourceQuality "1"]
[WhiteTeam "Koeln Porz"]
[BlackTeam "Emsdetten Turm II"]
[WhiteTeamCountry "GER"]
[BlackTeamCountry "GER"]

1. g3 d5 2. Bg2 Nf6 3. Nf3 c5 4. 0-0 Nc6 5. d4 cxd4 6. Nxd4 e5 7. Nxc6 bxc6 8. c4 Be7 9. Nc3 Be6 10. Bg5 e4 11. cxd5 cxd5 12. Qa4+ Qd7 13. Qxd7+ Nxd7 14. Bxe7 Kxe7 15. Rfd1 Nb6 16. Rd4 Rhd8 17. Rad1 f5 18. e3 Rac8 19. Bf1 Rc5 20. Rb4 Rd7 21. Rdd4 Rdc7 22. Rb5 Rxb5 23. Bxb5 Rc5 24. Kf1 Bf7 25. Ke1 Kd6 26. Kd2 Ke5 27. b4 Rc7 28. a4 Nc8 29. Be2 Nd6 30. Nb5 Nxb5 31. Bxb5 g5 32. Be2 f4 33. a5 f3 34. Ba6 Kd6 35. b5 Rc5 36. Rb4 Kc7 37. Rb3 Be6 38. Rc3 Kd6 39. b6 axb6 40. axb6 Rc6 41. b7 Rb6 42. Rc8 1-0

[Event "NRW Class1 1011"]
[Site "Germany"]
[Date "2010.11.28"]
[Round "3.7"]
[White "Schudro, Vassilij"]
[Black "Hunold, Rolf"]
[Result "1-0"]
[WhiteElo "2152"]
[BlackElo "2131"]
[PlyCount "173"]
[EventDate "2010.09.26"]
[EventType "team-tourn"]
[EventRounds "9"]
[EventCountry "GER"]
[SourceTitle "EXT 2012"]
[Source "ChessBase"]
[SourceDate "2011.11.24"]
[SourceVersion "1"]
[SourceVersionDate "2011.11.24"]
[SourceQuality "1"]
[WhiteTeam "Emsdetten Turm II"]
[BlackTeam "Letmathe"]
[WhiteTeamCountry "GER"]
[BlackTeamCountry "GER"]

1. e4 c5 2. Nf3 e6 3. d4 cxd4 4. Nxd4 a6 5. c4 Nf6 6. Bd3 Qc7 7. 0-0 d6 8. Nc3 Be7 9. Kh1 Nc6 10. Nxc6 bxc6 11. Be3 Rb8 12. b3 Nd7 13. Rc1 Bf6 14. Bb1 c5 15. f4 Bb7 16. Qd3 Rd8 17. Ne2 Be7 18. Ng3 h5 19. Ne2 Nf6 20. Nc3 h4 21. h3 Nh5 22. Rfe1 Ng3+ 23. Kg1 Kf8 24. Bf2 Nh5 25. Qd2 Bf6 26. Bd3 Bd4 27. Ne2 Bxf2+ 28. Kxf2 Nf6 29. Qe3 Nd7 30. Nc3 Rh6 31. Kg1 Rg6 32. Qf2 Rh6 33. Be2 Nb8 34. f5 exf5 35. Qxf5 Qd7 36. Qf4 Nc6 37. Bg4 Qe8 38. Nd5 Ne5 39. Rcd1 Bxd5 40. Rxd5 Qe7 41. Red1 Rf6 42. Qe3 Rg6 43. Qe2 Rg5 44. Qf2 Nxg4 45. Qxh4 f6 46. Rxg5 fxg5 47. Qxg4 Re8 48. Rd5 a5 49. Kh2 Qxe4 50. Qxe4 Rxe4 51. Rxd6 a4 52. Rd5 axb3 53. axb3 Re3 54. Rxc5 g4 55. hxg4 Rxb3 56. Rc7 Kg8 57. g5 Kh7 58. Rc6 Rc3 59. g3 Re3 60. Kh3 Re4 61. Kg2 Rg4 62. g6+ Kh6 63. Kf3 Rd4 64. Ke3 Rg4 65. c5 Kg5 66. Kd3 Kf5 67. Rd6 Ke5 68. Kc3 Ra4 69. Kb3 Rg4 70. Rd3 Rxg6 71. Kb4 Ke4 72. Rc3 Kd5 73. Kb5 Kd4 74. Rc4+ Kd5 75. g4 Rf6 76. c6 Rf1 77. c7 Rb1+ 78. Rb4 Rc1 79. Kb6 Kd6 80. Rd4+ Ke5 81. Rd2 Kf4 82. Rd6 g5 83. Rc6 Rb1+ 84. Kc5 Rc1+ 85. Kd6 Rd1+ 86. Ke7 Re1+ 87. Kf7 1-0

[Event "NRW Class2 0910"]
[Site "Germany"]
[Date "2010.02.01"]
[Round "6.6"]
[White "Schudro, Vassilij"]
[Black "Eggenstein, Frank"]
[Result "1-0"]
[WhiteElo "2125"]
[BlackElo "2089"]
[PlyCount "137"]
[EventDate "2009.09.20"]
[EventType "team-tourn"]
[EventRounds "9"]
[EventCountry "GER"]
[SourceTitle "EXT 2011"]
[Source "ChessBase"]
[SourceDate "2010.11.26"]
[SourceVersion "1"]
[SourceVersionDate "2010.11.26"]
[SourceQuality "1"]
[WhiteTeam "Emsdetten Turm II"]
[BlackTeam "Erkenschwick"]
[WhiteTeamCountry "GER"]
[BlackTeamCountry "GER"]

1. e4 e6 2. Qe2 c5 3. Nf3 Nc6 4. g3 g6 5. Bg2 Bg7 6. 0-0 Nge7 7. d3 d5 8. c3 0-0 9. Na3 h6 10. Nc2 e5 11. Bd2 dxe4 12. dxe4 Kh7 13. Ne3 f5 14. exf5 Nxf5 15. Nc4 Re8 16. Be3 Qe7 17. Nfd2 Bd7 18. Ne4 b6 19. a4 Rab8 20. Rfd1 Red8 21. h4 Be8 22. Ned2 Qc7 23. Be4 Nce7 24. Nf3 Bc6 25. Qc2 Bxe4 26. Qxe4 Qc6 27. Nfd2 Nxe3 28. Qxe3 Nf5 29. Qe4 Qe6 30. h5 Nd6 31. Nxd6 Rxd6 32. Nc4 Rdd8 33. Ne3 Qf6 34. Kg2 Qg5 35. hxg6+ Qxg6 36. Qxg6+ Kxg6 37. f3 Bf6 38. Nd5 Bg7 39. Rd2 Kf7 40. c4 Rd6 41. Re1 Rg8 42. Rh1 Bf8 43. Rh5 Rg5 44. Rxg5 hxg5 45. b3 Kg6 46. Ra2 a5 47. Ra1 Bg7 48. Rd1 Kf7 49. Rh1 Re6 50. Re1 Bh8 51. Kh3 Kg6 52. Kg4 Rd6 53. Rh1 Bf6 54. Rh5 Bd8 55. Rh8 Kg7 56. Re8 Bf6 57. Kf5 Kf7 58. Rb8 Bd8 59. Rb7+ Kf8 60. Kxe5 Rh6 61. Kf5 Ke8 62. Nc7+ Kd7 63. Ne6+ Kc8 64. Nxd8 Kxd8 65. Kxg5 Rd6 66. f4 Kc8 67. Re7 Rd3 68. g4 Rxb3 69. f5 1-0

[Event "NRW Class2 0809"]
[Site "Germany"]
[Date "2009.02.01"]
[Round "6.5"]
[White "Schudro, Vassilij"]
[Black "Hanhoerster, Stephan"]
[Result "1-0"]
[WhiteElo "2114"]
[BlackElo "2015"]
[PlyCount "81"]
[EventDate "2008.09.21"]
[EventType "tourn"]
[EventRounds "9"]
[EventCountry "GER"]
[SourceTitle "EXT 2010"]
[Source "ChessBase"]
[SourceDate "2010.11.25"]
[SourceVersion "1"]
[SourceVersionDate "2010.11.25"]
[SourceQuality "1"]
[WhiteTeam "Emsdetten II"]
[BlackTeam "Guetersloh"]
[WhiteTeamCountry "GER"]
[BlackTeamCountry "GER"]

1. e4 c5 2. Nf3 d6 3. d4 cxd4 4. Nxd4 Nf6 5. Nc3 a6 6. Bc4 e6 7. Be3 Nbd7 8. Nde2 b5 9. Bd3 Bb7 10. f3 Rc8 11. 0-0 Be7 12. Qe1 0-0 13. Qg3 Kh8 14. a3 Ne5 15. Rad1 Nc4 16. Bxc4 Rxc4 17. Rd3 Nd7 18. Bd4 e5 19. Be3 Nc5 20. Rd2 Ne6 21. Qf2 f5 22. exf5 Rxf5 23. Ng3 Rf8 24. Rfd1 Qe8 25. Qe2 Qf7 26. Nge4 d5 27. Nxd5 Bxd5 28. Rxd5 Nd4 29. R5xd4 exd4 30. Bxd4 Rd8 31. c3 Rcc8 32. Qf2 a5 33. Re1 b4 34. axb4 axb4 35. Qg3 bxc3 36. bxc3 Re8 37. Ra1 Bf8 38. Ra7 Re7 39. Nd6 Qb3 40. Rxe7 Bxe7 41. Qxg7# 1-0

[Event "NRW Class2 0809"]
[Site "Germany"]
[Date "2008.11.09"]
[Round "3.8"]
[White "Schudro, Vassilij"]
[Black "Kock, Wolfgang"]
[Result "1-0"]
[WhiteElo "2114"]
[BlackElo "2152"]
[PlyCount "163"]
[EventDate "2008.09.21"]
[EventType "tourn"]
[EventRounds "9"]
[EventCountry "GER"]
[SourceTitle "EXT 2010"]
[Source "ChessBase"]
[SourceDate "2010.11.25"]
[SourceVersion "1"]
[SourceVersionDate "2010.11.25"]
[SourceQuality "1"]
[WhiteTeam "Emsdetten II"]
[BlackTeam "Castrop Rauxel"]
[WhiteTeamCountry "GER"]
[BlackTeamCountry "GER"]

1. e4 d6 2. d4 Nf6 3. Nc3 c6 4. Be2 Qa5 5. Bd2 Qb6 6. Nf3 Bg4 7. Bc1 e6 8. 0-0 Be7 9. h3 Bh5 10. a3 Nbd7 11. Be3 d5 12. e5 Ne4 13. Nxe4 dxe4 14. Nd2 Bg6 15. b4 Qc7 16. c4 0-0 17. c5 Rad8 18. Nc4 f5 19. Nd6 f4 20. Bd2 Bxd6 21. exd6 Qc8 22. Bg4 Rde8 23. Bh5 Rf5 24. Bg4 Rf7 25. g3 f3 26. h4 Nf6 27. Bh3 Nd5 28. Qb3 Qd8 29. Bg5 Qd7 30. a4 h6 31. Be3 Qd8 32. b5 Bf5 33. Kh2 Bxh3 34. Kxh3 Qf6 35. Qc2 Qg6 36. Rae1 Rf4 37. Rg1 Qg4+ 38. Kh2 g5 39. Qc4 Kh7 40. Qf1 Rf5 41. Qh3 Qxh3+ 42. Kxh3 Nc3 43. bxc6 bxc6 44. hxg5 hxg5 45. Kg4 Kg6 46. Rh1 Nd5 47. Rh4 gxh4 48. gxh4 Nf6+ 49. Kg3 Rb8 50. Bg5 Nd7 51. Rxe4 e5 52. Rg4 Nf6 53. Bxf6+ Kxf6 54. d5 e4 55. dxc6 Rxc5 56. c7 Rh8 57. Rxe4 Rg8+ 58. Kxf3 Rf5+ 59. Ke3 Rd5 60. Rb4 Re8+ 61. Kf3 Rxd6 62. Rb8 Rd3+ 63. Kg2 Rc3 64. Rxe8 Rxc7 65. Re4 Kf5 66. f3 Rc1 67. Rb4 Ra1 68. Kf2 a5 69. Rc4 Rb1 70. Rd4 Ke5 71. Re4+ Kf5 72. Rg4 Rb2+ 73. Kg3 Rb1 74. Rg5+ Kf6 75. Rxa5 Rb4 76. Ra8 Kf5 77. a5 Rb1 78. a6 Rg1+ 79. Kf2 Rg7 80. a7 Kg6 81. h5+ Kh7 82. Rh8+ 1-0

[Event "NRW Class2 0708"]
[Site "Germany"]
[Date "2008.01.13"]
[Round "5.5"]
[White "Schudro, Vassilij"]
[Black "Dahlmann, Dirk"]
[Result "1-0"]
[WhiteElo "2111"]
[BlackElo "2259"]
[PlyCount "75"]
[EventDate "2007.09.16"]
[EventType "team-tourn"]
[EventRounds "9"]
[EventCountry "GER"]
[SourceTitle "EXT 2009"]
[Source "ChessBase"]
[SourceDate "2008.11.26"]
[SourceVersion "1"]
[SourceVersionDate "2008.11.26"]
[SourceQuality "1"]
[WhiteTeam "Emsdetten II"]
[BlackTeam "Bochum II"]
[WhiteTeamCountry "GER"]
[BlackTeamCountry "GER"]

1. e4 c5 2. Nf3 d6 3. d4 cxd4 4. Nxd4 Nf6 5. Nc3 g6 6. f4 Nc6 7. Nxc6 bxc6 8. e5 Nd7 9. exd6 exd6 10. Be3 Be7 11. Be2 0-0 12. 0-0 Nf6 13. Bf3 Qc7 14. b3 Re8 15. Bd4 Rb8 16. Ne2 Bg4 17. Ng3 c5 18. Bb2 Qd7 19. c4 Bxf3 20. Qxf3 d5 21. cxd5 Qxd5 22. Rad1 Qxf3 23. Rxf3 Ng4 24. h3 Bf6 25. Bxf6 Nxf6 26. f5 g5 27. Rd6 Kg7 28. Rc3 Rbc8 29. Rc4 h5 30. h4 g4 31. Kf2 Re5 32. Ra4 Rc7 33. Rc4 Rce7 34. Rf4 Rc7 35. Ra4 Rce7 36. Raa6 Rd7 37. Rxf6 Rd2+ 38. Kg1 1-0

[Event "NRW Class1 0607"]
[Site "Germany"]
[Date "2006.11.26"]
[Round "3.4"]
[White "Schudro, Vassilij"]
[Black "Tereick, Benjamin"]
[Result "0-1"]
[WhiteElo "2095"]
[BlackElo "2262"]
[PlyCount "82"]
[EventDate "2006.09.17"]
[EventType "tourn"]
[EventRounds "9"]
[EventCountry "GER"]
[SourceTitle "EXT 2008"]
[Source "ChessBase"]
[SourceDate "2007.11.25"]
[SourceVersion "1"]
[SourceVersionDate "2007.11.25"]
[SourceQuality "1"]
[WhiteTeam "Emsdetten II"]
[BlackTeam "Muelheim Nord II"]
[WhiteTeamCountry "GER"]
[BlackTeamCountry "GER"]

1. e4 e6 2. Qe2 c5 3. Nf3 Nc6 4. g3 d6 5. Bg2 g6 6. 0-0 Bg7 7. d3 Nge7 8. Nc3 0-0 9. Bg5 h6 10. Be3 e5 11. Nd2 Nd4 12. Bxd4 cxd4 13. Nd1 Be6 14. c4 dxc3 15. bxc3 Rc8 16. c4 Nc6 17. Nb3 f5 18. Nc3 f4 19. Nd5 g5 20. Bf3 Qd7 21. Bh5 Bh3 22. Rfc1 Nd4 23. Nxd4 exd4 24. f3 fxg3 25. hxg3 Be6 26. Bg4 Bxg4 27. fxg4 Be5 28. Kg2 Rf7 29. Rf1 b5 30. Rxf7 Kxf7 31. Rf1+ Kg7 32. cxb5 Qxb5 33. Ne7 Rc3 34. Qf2 Qe8 35. Nf5+ Kh7 36. Rh1 Rxd3 37. Rxh6+ Kg8 38. Qc2 Rc3 39. Qd2 Bg7 40. Qxg5 Qxe4+ 41. Kg1 Qe1+ 0-1

[Event "NRW Class2 0506"]
[Site "Germany"]
[Date "2006.05.07"]
[Round "9.1"]
[White "De Gleria, Francesco"]
[Black "Schudro, Vassilij"]
[Result "1-0"]
[WhiteElo "2402"]
[BlackElo "2096"]
[PlyCount "75"]
[EventDate "2005.09.25"]
[EventType "team-tourn"]
[EventRounds "9"]
[EventCountry "GER"]
[SourceTitle "EXT 2006"]
[Source "ChessBase"]
[SourceDate "2005.11.24"]
[SourceVersion "1"]
[SourceVersionDate "2005.11.24"]
[SourceQuality "1"]
[WhiteTeam "Duesseldorf"]
[BlackTeam "Emsdetten Turm II"]
[WhiteTeamCountry "GER"]
[BlackTeamCountry "GER"]

1. e4 c5 2. Nf3 Nc6 3. Bb5 g6 4. 0-0 Bg7 5. Re1 Qb6 6. a4 a6 7. Bxc6 bxc6 8. a5 Qc7 9. e5 f6 10. exf6 Nxf6 11. d4 cxd4 12. Qxd4 c5 13. Qh4 Bb7 14. Ra3 e6 15. Bf4 Qc6 16. Qh3 0-0 17. Ne5 Qc8 18. Nc4 Nd5 19. Bd6 Rf5 20. Nbd2 Bf8 21. Ne4 Qc6 22. g4 Bxd6 23. gxf5 exf5 24. Ncxd6 fxe4 25. Nxb7 Qxb7 26. Rb3 Qc6 27. Rxe4 Rf8 28. Rf3 Nf6 29. Re1 Rf7 30. c4 Kg7 31. b3 d5 32. Re6 Qb7 33. Qh4 Ng8 34. Rxf7+ Qxf7 35. cxd5 Qf5 36. Qe4 Qg5+ 37. Kf1 Kh6 38. Qe3 1-0

[Event "NRW Class2 0506"]
[Site "Germany"]
[Date "2006.01.08"]
[Round "5.6"]
[White "Gohla, Ulf"]
[Black "Schudro, Vassilij"]
[Result "1-0"]
[WhiteElo "2146"]
[BlackElo "2096"]
[PlyCount "67"]
[EventDate "2005.09.25"]
[EventType "team-tourn"]
[EventRounds "9"]
[EventCountry "GER"]
[SourceTitle "EXT 2006"]
[Source "ChessBase"]
[SourceDate "2005.11.24"]
[SourceVersion "1"]
[SourceVersionDate "2005.11.24"]
[SourceQuality "1"]
[WhiteTeam "Wattenscheid II"]
[BlackTeam "Emsdetten Turm II"]
[WhiteTeamCountry "GER"]
[BlackTeamCountry "GER"]

1. d4 d5 2. c4 e6 3. Nc3 Nf6 4. cxd5 exd5 5. Bg5 Nbd7 6. e3 c6 7. Qc2 Be7 8. Bd3 0-0 9. h3 Re8 10. Nge2 Nf8 11. 0-0-0 b5 12. g4 a5 13. Ng3 a4 14. Kb1 Be6 15. Nf5 Bxf5 16. gxf5 Ne4 17. Bxe7 Qxe7 18. Bxe4 dxe4 19. Rhg1 Nd7 20. Rg3 Nf6 21. Rdg1 g6 22. Ne2 Rac8 23. Nf4 c5 24. d5 a3 25. fxg6 hxg6 26. Rg5 Nh7 27. Nxg6 Qf6 28. R5g4 Ra8 29. bxa3 b4 30. a4 c4 31. Qxc4 Qxf2 32. Nf4+ Kh8 33. Qd4+ f6 34. R4g2 1-0

[Event "Muensterland Verbandsliga 0405"]
[Site "Muensterland"]
[Date "2005.03.12"]
[Round "7.8"]
[White "Silies, Juergen"]
[Black "Schudro, Vassilij"]
[Result "0-1"]
[WhiteElo "1692"]
[BlackElo "2123"]
[PlyCount "138"]
[EventDate "2004.09.18"]
[EventType "team-tourn"]
[EventRounds "9"]
[EventCountry "GER"]
[SourceTitle "EXT 2006"]
[Source "ChessBase"]
[SourceDate "2005.11.24"]
[SourceVersion "1"]
[SourceVersionDate "2005.11.24"]
[SourceQuality "1"]
[WhiteTeam "Ibbenbueren"]
[BlackTeam "Emsdetten Turm II"]
[WhiteTeamCountry "GER"]
[BlackTeamCountry "GER"]

1. f4 Nf6 2. b3 c5 3. Bb2 d5 4. Nf3 Nc6 5. e3 a6 6. Be2 e6 7. 0-0 Be7 8. Ne5 0-0 9. d3 Qc7 10. Nd2 b5 11. Ndf3 Bb7 12. Nxc6 Bxc6 13. Ne5 Bb7 14. Qe1 Nd7 15. Qg3 f6 16. Nxd7 Qxd7 17. Bg4 Bd8 18. Rad1 Bb6 19. Kh1 b4 20. c4 bxc3 21. Bxc3 a5 22. Rb1 Bd8 23. Rfe1 f5 24. Bd1 Bf6 25. d4 Qe7 26. Qf2 Bh4 27. g3 Bf6 28. Qd2 Rfc8 29. Bc2 Qc7 30. Rbc1 Qb6 31. Kg1 h6 32. Qf2 Qc6 33. Qd2 Kf7 34. Bd1 Qb6 35. Bh5+ g6 36. Bf3 cxd4 37. Bxd4 Bxd4 38. exd4 Qb4 39. Qe3 Qb6 40. Qe5 Rc6 41. Rxc6 Qxc6 42. Re2 Ba6 43. Re1 Bd3 44. Qe3 Be4 45. Rc1 Qb6 46. Rc5 a4 47. Bxe4 dxe4 48. Qc3 axb3 49. axb3 Ra7 50. Rc6 Qa5 51. Qc4 Qe1+ 52. Kg2 Re7 53. Rc7 Qd2+ 54. Kg1 g5 55. Rxe7+ Kxe7 56. Qc5+ Ke8 57. Qc6+ Ke7 58. Qc5+ Kf7 59. fxg5 hxg5 60. Qc7+ Kg6 61. Qc4 Kh5 62. Kf1 Qd1+ 63. Kf2 Qf3+ 64. Kg1 e3 65. Qf1 Kg4 66. Qxf3+ Kxf3 67. Kf1 e2+ 68. Ke1 Ke3 69. b4 f4 0-1

[Event "BL2-Nord 0203"]
[Site "Germany"]
[Date "2002.10.20"]
[Round "1.8"]
[White "Lieb, Harald"]
[Black "Schudro, Vassilij"]
[Result "1-0"]
[WhiteElo "2314"]
[BlackElo "2110"]
[PlyCount "83"]
[EventDate "2002.10.20"]
[EventType "team-tourn"]
[EventRounds "9"]
[EventCountry "GER"]
[SourceTitle "EXT 2004"]
[Source "ChessBase"]
[SourceDate "2003.11.25"]
[SourceVersion "1"]
[SourceVersionDate "2003.11.25"]
[SourceQuality "1"]
[WhiteTeam "Zehlendorf"]
[BlackTeam "Magdeburg USC"]
[WhiteTeamCountry "GER"]
[BlackTeamCountry "GER"]

1. d4 d5 2. c4 e6 3. Nf3 Nf6 4. g3 c6 5. Bg2 Be7 6. 0-0 0-0 7. Nc3 Nbd7 8. b3 Bb4 9. Bb2 b6 10. Rc1 Bb7 11. a3 Bd6 12. Re1 Qe7 13. cxd5 Nxd5 14. Nb1 f5 15. Nfd2 f4 16. Nc4 Bc7 17. e4 N5f6 18. e5 Nd5 19. Nc3 b5 20. Nd2 Bb6 21. Nde4 a5 22. Nd6 Ra7 23. Nce4 Nb8 24. Qg4 Bc8 25. Nxc8 Rxc8 26. Nd6 Rf8 27. Bh3 fxg3 28. Qxe6+ Kh8 29. hxg3 Qg5 30. Ne4 Qd8 31. Bg2 Re7 32. Qg4 Nc7 33. Ng5 h6 34. Nh3 Ne6 35. Red1 Qd7 36. d5 cxd5 37. Bxd5 Ng5 38. Qxd7 Nxd7 39. Nxg5 Bxf2+ 40. Kg2 Be3 41. Nf7+ Rexf7 42. Bxf7 1-0